<?xml version="1.0" encoding="UTF-8"?><?xml-stylesheet type="text/xsl" href="static/style.xsl"?><OAI-PMH xmlns="http://www.openarchives.org/OAI/2.0/" xmlns:xsi="http://www.w3.org/2001/XMLSchema-instance" xsi:schemaLocation="http://www.openarchives.org/OAI/2.0/ http://www.openarchives.org/OAI/2.0/OAI-PMH.xsd"><responseDate>2026-04-17T03:24:23Z</responseDate><request verb="GetRecord" identifier="oai:www.recercat.cat:2117/407927" metadataPrefix="marc">https://recercat.cat/oai/request</request><GetRecord><record><header><identifier>oai:recercat.cat:2117/407927</identifier><datestamp>2025-07-17T14:22:34Z</datestamp><setSpec>com_2072_1033</setSpec><setSpec>col_2072_452950</setSpec></header><metadata><record xmlns="http://www.loc.gov/MARC21/slim" xmlns:dcterms="http://purl.org/dc/terms/" xmlns:xsi="http://www.w3.org/2001/XMLSchema-instance" xmlns:doc="http://www.lyncode.com/xoai" xsi:schemaLocation="http://www.loc.gov/MARC21/slim http://www.loc.gov/standards/marcxml/schema/MARC21slim.xsd">
   <leader>00925njm 22002777a 4500</leader>
   <datafield ind2=" " ind1=" " tag="042">
      <subfield code="a">dc</subfield>
   </datafield>
   <datafield ind2=" " ind1=" " tag="720">
      <subfield code="a">Mesa Cedillo, David</subfield>
      <subfield code="e">author</subfield>
   </datafield>
   <datafield ind2=" " ind1=" " tag="260">
      <subfield code="c">2024</subfield>
   </datafield>
   <datafield ind2=" " ind1=" " tag="520">
      <subfield code="a">La República Democrática Alemana (DDR) sigue siendo una realidad desconocida, suspendida en el tiempo, y acercarse a ella no resulta sencillo. A pesar de que la Reunificación de 1989 pareció absorber a los vecinos del Este bajo el sistema de la República Democrática Alemana (BRD), todavía hoy es posible asomarse al otro lado del muro a través de la revista Architektur der DDR. Tomando como referente las páginas de esta publicación, la presente ponencia analiza la arquitectura escolar de este territorio históricamente inhóspito, tratando de entender cómo las políticas de la «sozialistische Gesellschaft» se traducen en un modelo educativo que cristaliza en tipologías arquitectónicas determinadas. Desde esta óptica, la tipología arquitectónica escolar se definirá a través de datos cuantitativos, esquemas y diagramas de planificación económica, social y espacial. El edificio no será, por tanto, solo un dispositivo formal, sino que se entenderá como un producto que debe ajustarse a las lógicas de rentabilidad y sostenibilidad, atendiendo a la capacidad económica del Estado y a la productividad en su conjunto.</subfield>
   </datafield>
   <datafield ind2=" " ind1=" " tag="520">
      <subfield code="a">Objectius de Desenvolupament Sostenible::16 - Pau, Justícia i Institucions Sòlides</subfield>
   </datafield>
   <datafield ind2=" " ind1=" " tag="520">
      <subfield code="a">Objectius de Desenvolupament Sostenible::16 - Pau, Justícia i Institucions Sòlides::16.6 - Crear unes institucions eficaces, responsables i transparents a tots els nivells</subfield>
   </datafield>
   <datafield ind2=" " ind1=" " tag="520">
      <subfield code="a">Postprint (published version)</subfield>
   </datafield>
   <datafield tag="653" ind2=" " ind1=" ">
      <subfield code="a">Àrees temàtiques de la UPC::Arquitectura::Projectes arquitectònics</subfield>
   </datafield>
   <datafield tag="653" ind2=" " ind1=" ">
      <subfield code="a">School buildings - Germany</subfield>
   </datafield>
   <datafield tag="653" ind2=" " ind1=" ">
      <subfield code="a">Arquitectura escolar</subfield>
   </datafield>
   <datafield tag="653" ind2=" " ind1=" ">
      <subfield code="a">República Democrática Alemana</subfield>
   </datafield>
   <datafield tag="653" ind2=" " ind1=" ">
      <subfield code="a">Arquitectura escolar</subfield>
   </datafield>
   <datafield tag="653" ind2=" " ind1=" ">
      <subfield code="a">Economía política</subfield>
   </datafield>
   <datafield tag="653" ind2=" " ind1=" ">
      <subfield code="a">Historia económica</subfield>
   </datafield>
   <datafield tag="653" ind2=" " ind1=" ">
      <subfield code="a">Guerra Fría</subfield>
   </datafield>
   <datafield tag="653" ind2=" " ind1=" ">
      <subfield code="a">Edificis escolars - Alemanya</subfield>
   </datafield>
   <datafield ind2="0" ind1="0" tag="245">
      <subfield code="a">Al otro lado del muro: la arquitectura escolar y el proyecto socioeducativo de la DDR</subfield>
   </datafield>
</record></metadata></record></GetRecord></OAI-PMH>